| 000 | 01291nam0a2200337 4500 | ||
|---|---|---|---|
| 001 | RU\NLR\bibl\246436 | ||
| 005 | 20250620121525.0 | ||
| 021 |
_aRU _b2001-55657 _92710 |
||
| 035 | _a(NLR Aleph) 000242282 | ||
| 090 |
_a1412261 _c1412261 |
||
| 100 | _a20020320d2001 |||y0rusy50 ca | ||
| 101 | 0 | _arus | |
| 102 | _aRU | ||
| 105 | _ay ||||||||| | ||
| 200 | 1 |
_aТворческая мастерская как форма организации учебного процесса в начальной школе _e[Учеб.-метод. пособие] _fЛ.М. Долгополова _gАдыгейс. гос. ун-т |
|
| 210 |
_aМайкоп _cАякс _d2001 |
||
| 215 |
_a39 с. _d21 |
||
| 606 | 0 |
_aНачальная школа _xУчебно-воспитательная работа _91763157 _3RU\NLR\auth\66790992 |
|
| 610 | 0 | _aВнеклассная работа в начальной школе | |
| 675 |
_a371.381.026.9 _v3 _zrus |
||
| 686 |
_a14 _2rugasnti |
||
| 686 |
_a74.26 _2rubbk |
||
| 686 | _aЧ421.2,01 | ||
| 700 | 1 |
_aДолгополова _bЛ. М. _gЛюбовь Михайловна _4070 |
|
| 801 | 0 |
_aRU _bRKP _c20020320 _gPSBO |
|
| 801 | 1 |
_aRU _bRKP _c20020320 |
|
| 801 | 2 |
_aRU _bNLR _c20020518 _grcr |
|
| 942 | _cBOOK | ||
| 980 | _aNB | ||
| 980 | _aNBR | ||